| 000 | 00676nam a22002057a 4500 | ||
|---|---|---|---|
| 999 |
_c3719 _d3719 |
||
| 003 | AR-CdUCM | ||
| 008 | 190307b ||||| |||| 00| 0 spa d | ||
| 040 |
_aMUNICIPALIDAD PROVINCIAL DEL CUSCO _cBIBLIOTECA MUNICIPAL DEL CUSCO |
||
| 082 |
_a868.324 / _bV28 |
||
| 100 |
_aVan Doren, Mark _912042 |
||
| 245 | _aLa Profesión de Don Quijote / | ||
| 260 |
_aMéxico : _bFondo de Cultura Económica : _c1962. |
||
| 300 |
_a109 páginas ; _bilustraciones, _c17cm |
||
| 440 |
_aColección Popular _n31 _912043 |
||
| 505 | _aContenido: Novela | ||
| 650 |
_aMiguel de Cervantes _912044 |
||
| 700 |
_aMadariaga, Pilar de (traducción) _912045 |
||
| 942 |
_2ddc _cLIBROS |
||
| 945 | _anom | ||